Statistics for Country Songs Title in the Lyrics

Click here to take the quiz!

General Stats

  • This quiz has been taken 5 times
  • The average score is 5 of 10

Answer Stats

HintAnswer% Correct
And hit me like a _______ you hit me like a _______Hurricane
100%
Said I wouldn't call, but I lost all control and I ____ ___ ___Need You Now
75%
___ ____ is the slamming screen door sneakin' out late, tapping on your windowOur Song
75%
But what she, what she don't know is how hard it is to make it look so ____Easy
50%
Spinnin' me around 'til it faded out and she gave me a kiss and she said, ____ __ _____Play It Again
50%
____ _____ ___ ____ was being so close and having so much to say and watching you walk awayWhat Hurts the Most
50%
___ __ __ ______ ___ I went a little crazy seeing you with him
All My Friends Say
25%
_____ ___, don't you know that I love you? And I wouldn't dream of goin' nowhereCrazy Girl
25%
____ __ ____' ________' ___ I just heard you sigh you lean into my kiss and close those deep blue need-you eyesMust Be Doin' Somethin' Right
25%
__ ____ ____ _____ ___ _____ _____ _____ watch my corn pop up in rows every night be tucked in close to youWhere the Green Grass Grows
25%

Score Distribution

Percentile by Number Answered

Percent of People with Each Score

Your Score History

You have not taken this quiz